| 000 | 01284nam a22003137a 4500 | ||
|---|---|---|---|
| 001 | 00187 | ||
| 003 | DO-SdBNP | ||
| 005 | 20180417082949.0 | ||
| 007 | 00187 | ||
| 008 | 160413b dr 200?||||| |||| 00| 0 spa d | ||
| 040 |
_aBPMSU _bspa _cBPMSU |
||
| 092 |
_a372.7 _bR119d 4to. 2001 |
||
| 100 | 1 | _aRachadell Portillo, Natalia de | |
| 245 | 1 | 0 |
_aDino-Matemáticas 4to. curso / _cNatalia Rachadell de Portillo, Rocío Sesto de Peigney |
| 260 |
_aSanto Domingo : _bSecretaría de Estado de Educación, _c200?. |
||
| 300 |
_a189 p. : _bil., _c28 cm. |
||
| 500 | _aPlan decenal de educación | ||
| 505 |
_tDino-número-saurios -- _tDino-adición -- _tDino-sustracción -- _tDino-multiplicación -- _tDino-división -- _tDino-cocktail de operaciones -- _tDino-fracciones -- _tDino-decimales -- _tDino-geometría -- _tDino-gráficas -- _tDino-medición |
||
| 650 |
_aMATEMÁTICAS _xENSEÑANZA BÁSICA |
||
| 650 |
_aMATEMÁTICAS _xEDUCACIÓN PRIMARIA |
||
| 650 |
_aMATEMÁTICAS _xLIBROS DE TEXTOS |
||
| 650 | 4 |
_aMATEMÁTICAS _xESTUDIOS Y EJERCICIOS |
|
| 650 | 4 |
_aEDUCACIÓN PRIMARIA _zREPÚBLICA DOMINICANA |
|
| 700 | 1 | 2 | _aSesto de Peigney, Rocío, |
| 910 | _aValidado. Control de calidad MFF | ||
| 942 |
_2ddc _cBK |
||
| 945 | _ainventariado, 2018 / dg | ||
| 956 | _aBrenda Tavárez | ||
| 999 |
_c9753 _d9753 |
||